000 00612nam a22001937a 4500
999 _c177854
_d177854
005 20210308151431.0
010 _aUR-11051
020 _c98.00
_a-
035 _aU-9606
037 _bDBAD/PUB
082 _a840.92
100 _aصبيحہ گلنا ر
245 _aفر حت آ پا (خا کے)
_cصبيحہ گلنا ر
246 _bFarhat Aapa (Urdu)
_aby Sabhiha Gulnar
260 _aDelhi
_c2020 ء
_bEducational Publishing House
270 _aB.O. 3191,Vakil Street, Kucha Pandit,Lal Kuan,
_bDelhi
_e110006
_l-
300 _a144ص
_c22 Cm(Hb)
942 _2ddc
_cUR
_h840.92
_mص ب ی